SOCIOLOGY A BRIEF BUT CRITICAL INTRODUCTION (Record no. 12726)

MARC details
000 -LEADER
fixed length control field 00436nam a22001817a 4500
003 - CONTROL NUMBER IDENTIFIER
control field OSt
005 - DATE AND TIME OF LATEST TRANSACTION
control field 20211014112321.0
008 - FIXED-LENGTH DATA ELEMENTS--GENERAL INFORMATION
fixed length control field 211014b |||||||| |||| 00| 0 eng d
020 ## - INTERNATIONAL STANDARD BOOK NUMBER
International Standard Book Number 0333427386
040 ## - CATALOGING SOURCE
Transcribing agency HU
082 ## - DEWEY DECIMAL CLASSIFICATION NUMBER
Classification number 304.2/GID
100 ## - MAIN ENTRY--PERSONAL NAME
Personal name ANTHONY GIDDENS
9 (RLIN) 13603
245 ## - TITLE STATEMENT
Title SOCIOLOGY A BRIEF BUT CRITICAL INTRODUCTION
250 ## - EDITION STATEMENT
Edition statement 2ND
260 ## - PUBLICATION, DISTRIBUTION, ETC.
Place of publication, distribution, etc. LONDON
Name of publisher, distributor, etc. MACMILLAN
Date of publication, distribution, etc. 1986
300 ## - PHYSICAL DESCRIPTION
Extent 179/P
942 ## - ADDED ENTRY ELEMENTS (KOHA)
Source of classification or shelving scheme Dewey Decimal Classification
Koha item type Books like text book referance book
Suppress in OPAC No
Holdings
Withdrawn status Lost status Source of classification or shelving scheme Damaged status Not for loan Home library Current library Shelving location Date acquired Total Checkouts Full call number Barcode Date last seen Copy number Price effective from Koha item type
    Dewey Decimal Classification     Social Library Social Library General Stacks 10/14/2021   304.2/GID SHLIB000002041 10/14/2021 1 10/14/2021 Books like text book referance book